Tervezés Egyensúly és megújulás 1986/1990

Gespeichert in:
Bibliographische Detailangaben
1. Verfasser: Faluvégy, Lajos
Format: Buch
Sprache:Ungarisch
Veröffentlicht: Budapest Kossuth Könyvkiadó 1986
Ausgabe:1. kiadás.
Tags: Tag hinzufügen
Keine Tags, Fügen Sie das erste Tag hinzu!

MARC

LEADER 00000nam a2200000 4500
001 c036516
005 20221220073050.8
041 0 |a hun 
044 |a HU 
245 1 0 |a Tervezés  |b Egyensúly és megújulás 1986/1990  |c Lajos Faluvégy 
250 |a 1. kiadás. 
264 1 |a Budapest  |b Kossuth Könyvkiadó  |c 1986 
300 |a 294 s. 
100 1 |a Faluvégy, Lajos